Statistics for Most Forgotten Canadian Provinces

Click here to take the quiz!

General Stats

  • This quiz has been taken 71 times
  • The average score is 4 of 5

Answer Stats

#Province% Correct
4Nova Scotia
89%
1Nunavut
89%
2New Brunswick
86%
5Saskatchewan
86%
3Northwest Territories
83%

Score Distribution

Percentile by Number Answered

Percent of People with Each Score

Your Score History

You have not taken this quiz